<?xml version="1.0" encoding="UTF-8"?>
<record
    xmlns:xsi="http://www.w3.org/2001/XMLSchema-instance"
    xsi:schemaLocation="http://www.loc.gov/MARC21/slim http://www.loc.gov/standards/marcxml/schema/MARC21slim.xsd"
    xmlns="http://www.loc.gov/MARC21/slim">

  <leader>00370nam a22001337a 4500</leader>
  <datafield tag="082" ind1=" " ind2=" ">
    <subfield code="a">547.0562 DER</subfield>
  </datafield>
  <datafield tag="100" ind1=" " ind2=" ">
    <subfield code="a">Deraniyagala S.P</subfield>
  </datafield>
  <datafield tag="245" ind1=" " ind2=" ">
    <subfield code="a">Organotransition Metal Chemistry</subfield>
  </datafield>
  <datafield tag="260" ind1=" " ind2=" ">
    <subfield code="a">Peradeniya</subfield>
    <subfield code="b">University</subfield>
  </datafield>
  <datafield tag="300" ind1=" " ind2=" ">
    <subfield code="a">137</subfield>
  </datafield>
  <datafield tag="505" ind1=" " ind2=" ">
    <subfield code="a">Basic Principles,Metal Legand Bonding</subfield>
  </datafield>
  <datafield tag="650" ind1=" " ind2=" ">
    <subfield code="a">Chemistry</subfield>
    <subfield code="a">Metal Chemistry</subfield>
    <subfield code="a">Organotranition Metal Chemistry</subfield>
  </datafield>
  <datafield tag="942" ind1=" " ind2=" ">
    <subfield code="c">BK</subfield>
  </datafield>
  <datafield tag="999" ind1=" " ind2=" ">
    <subfield code="c">109</subfield>
    <subfield code="d">109</subfield>
  </datafield>
  <datafield tag="952" ind1=" " ind2=" ">
    <subfield code="0">0</subfield>
    <subfield code="1">0</subfield>
    <subfield code="7">0</subfield>
    <subfield code="8">NFIC</subfield>
    <subfield code="a">IC</subfield>
    <subfield code="b">IC</subfield>
    <subfield code="c">GEN</subfield>
    <subfield code="d">2015-02-17</subfield>
    <subfield code="g">619.25</subfield>
    <subfield code="l">0</subfield>
    <subfield code="o">547.0562 DER</subfield>
    <subfield code="p">005508</subfield>
    <subfield code="r">2015-02-17 00:00:00</subfield>
    <subfield code="y">REF</subfield>
  </datafield>
  <datafield tag="952" ind1=" " ind2=" ">
    <subfield code="0">0</subfield>
    <subfield code="1">0</subfield>
    <subfield code="7">0</subfield>
    <subfield code="8">NFIC</subfield>
    <subfield code="a">IC</subfield>
    <subfield code="b">IC</subfield>
    <subfield code="c">GEN</subfield>
    <subfield code="d">2015-02-17</subfield>
    <subfield code="g">619.25</subfield>
    <subfield code="l">0</subfield>
    <subfield code="o">547.0562 DER</subfield>
    <subfield code="p">005509</subfield>
    <subfield code="r">2015-02-17 00:00:00</subfield>
    <subfield code="y">REF</subfield>
  </datafield>
  <datafield tag="952" ind1=" " ind2=" ">
    <subfield code="0">0</subfield>
    <subfield code="1">0</subfield>
    <subfield code="7">0</subfield>
    <subfield code="8">NFIC</subfield>
    <subfield code="a">IC</subfield>
    <subfield code="b">IC</subfield>
    <subfield code="c">GEN</subfield>
    <subfield code="d">2015-02-17</subfield>
    <subfield code="g">619.25</subfield>
    <subfield code="l">0</subfield>
    <subfield code="o">547.0562 DER</subfield>
    <subfield code="p">005308</subfield>
    <subfield code="r">2015-02-17 00:00:00</subfield>
    <subfield code="y">REF</subfield>
  </datafield>
  <datafield tag="952" ind1=" " ind2=" ">
    <subfield code="0">0</subfield>
    <subfield code="1">0</subfield>
    <subfield code="7">0</subfield>
    <subfield code="8">NFIC</subfield>
    <subfield code="a">IC</subfield>
    <subfield code="b">IC</subfield>
    <subfield code="c">GEN</subfield>
    <subfield code="d">2015-02-17</subfield>
    <subfield code="g">619.25</subfield>
    <subfield code="l">50</subfield>
    <subfield code="m">6</subfield>
    <subfield code="o">547.0562 DER</subfield>
    <subfield code="p">005512</subfield>
    <subfield code="r">2026-06-06 07:04:20</subfield>
    <subfield code="s">2026-05-15</subfield>
    <subfield code="w">2015-02-17</subfield>
    <subfield code="y">BK</subfield>
  </datafield>
  <datafield tag="952" ind1=" " ind2=" ">
    <subfield code="0">0</subfield>
    <subfield code="1">0</subfield>
    <subfield code="7">0</subfield>
    <subfield code="8">NFIC</subfield>
    <subfield code="a">IC</subfield>
    <subfield code="b">IC</subfield>
    <subfield code="c">GEN</subfield>
    <subfield code="d">2015-02-17</subfield>
    <subfield code="g">619.25</subfield>
    <subfield code="l">53</subfield>
    <subfield code="m">4</subfield>
    <subfield code="o">547.0562 DER</subfield>
    <subfield code="p">004275</subfield>
    <subfield code="q">2026-06-07</subfield>
    <subfield code="r">2026-05-24 09:29:41</subfield>
    <subfield code="s">2026-05-24</subfield>
    <subfield code="w">2015-02-17</subfield>
    <subfield code="y">BK</subfield>
  </datafield>
  <datafield tag="952" ind1=" " ind2=" ">
    <subfield code="0">0</subfield>
    <subfield code="1">0</subfield>
    <subfield code="7">0</subfield>
    <subfield code="8">NFIC</subfield>
    <subfield code="a">IC</subfield>
    <subfield code="b">IC</subfield>
    <subfield code="c">GEN</subfield>
    <subfield code="d">2015-06-24</subfield>
    <subfield code="g">619.25</subfield>
    <subfield code="l">43</subfield>
    <subfield code="m">3</subfield>
    <subfield code="o">547.0562 DER</subfield>
    <subfield code="p">005311</subfield>
    <subfield code="r">2024-04-21 15:01:03</subfield>
    <subfield code="s">2024-04-09</subfield>
    <subfield code="w">2015-06-24</subfield>
    <subfield code="y">BK</subfield>
  </datafield>
  <datafield tag="952" ind1=" " ind2=" ">
    <subfield code="0">0</subfield>
    <subfield code="1">0</subfield>
    <subfield code="7">0</subfield>
    <subfield code="8">NFIC</subfield>
    <subfield code="a">IC</subfield>
    <subfield code="b">IC</subfield>
    <subfield code="c">GEN</subfield>
    <subfield code="d">2015-11-05</subfield>
    <subfield code="g">619.25</subfield>
    <subfield code="l">39</subfield>
    <subfield code="m">3</subfield>
    <subfield code="o">547.0562 DER</subfield>
    <subfield code="p">005318</subfield>
    <subfield code="r">2023-10-20 14:27:43</subfield>
    <subfield code="s">2023-10-08</subfield>
    <subfield code="w">2015-11-05</subfield>
    <subfield code="y">BK</subfield>
  </datafield>
  <datafield tag="952" ind1=" " ind2=" ">
    <subfield code="0">0</subfield>
    <subfield code="1">0</subfield>
    <subfield code="7">0</subfield>
    <subfield code="8">NFIC</subfield>
    <subfield code="a">IC</subfield>
    <subfield code="b">IC</subfield>
    <subfield code="c">GEN</subfield>
    <subfield code="d">2016-05-04</subfield>
    <subfield code="g">619.25</subfield>
    <subfield code="l">47</subfield>
    <subfield code="m">4</subfield>
    <subfield code="o">547.0562 DER</subfield>
    <subfield code="p">005310</subfield>
    <subfield code="r">2023-10-28 15:11:04</subfield>
    <subfield code="s">2023-10-07</subfield>
    <subfield code="w">2016-05-04</subfield>
    <subfield code="y">BK</subfield>
  </datafield>
  <datafield tag="952" ind1=" " ind2=" ">
    <subfield code="0">0</subfield>
    <subfield code="1">0</subfield>
    <subfield code="7">0</subfield>
    <subfield code="8">NFIC</subfield>
    <subfield code="a">IC</subfield>
    <subfield code="b">IC</subfield>
    <subfield code="c">GEN</subfield>
    <subfield code="d">2016-06-11</subfield>
    <subfield code="g">619.25</subfield>
    <subfield code="l">37</subfield>
    <subfield code="m">3</subfield>
    <subfield code="o">547.0562 DER</subfield>
    <subfield code="p">004276</subfield>
    <subfield code="r">2024-02-25 14:29:25</subfield>
    <subfield code="s">2024-02-11</subfield>
    <subfield code="w">2016-06-11</subfield>
    <subfield code="y">BK</subfield>
  </datafield>
  <datafield tag="952" ind1=" " ind2=" ">
    <subfield code="0">0</subfield>
    <subfield code="1">0</subfield>
    <subfield code="7">0</subfield>
    <subfield code="8">NFIC</subfield>
    <subfield code="a">IC</subfield>
    <subfield code="b">IC</subfield>
    <subfield code="c">GEN</subfield>
    <subfield code="d">2016-06-11</subfield>
    <subfield code="g">619.25</subfield>
    <subfield code="l">28</subfield>
    <subfield code="m">5</subfield>
    <subfield code="o">547.0562 DER</subfield>
    <subfield code="p">005511</subfield>
    <subfield code="r">2022-11-17 00:00:00</subfield>
    <subfield code="s">2022-11-02</subfield>
    <subfield code="w">2016-06-11</subfield>
    <subfield code="y">BK</subfield>
  </datafield>
  <datafield tag="952" ind1=" " ind2=" ">
    <subfield code="0">0</subfield>
    <subfield code="1">0</subfield>
    <subfield code="7">0</subfield>
    <subfield code="8">NFIC</subfield>
    <subfield code="a">IC</subfield>
    <subfield code="b">IC</subfield>
    <subfield code="c">GEN</subfield>
    <subfield code="d">2016-08-06</subfield>
    <subfield code="e">photocopy</subfield>
    <subfield code="g">619.25</subfield>
    <subfield code="l">0</subfield>
    <subfield code="o">547.0562 DER</subfield>
    <subfield code="p">003350</subfield>
    <subfield code="r">2016-08-06 00:00:00</subfield>
    <subfield code="w">2016-08-06</subfield>
    <subfield code="y">REF</subfield>
  </datafield>
</record>
